| 000 | 00546nam a2200193 i 4500 | ||
|---|---|---|---|
| 001 | 70720 | ||
| 003 | ES-MaACL | ||
| 007 | t| | ||
| 008 | 040802s1979 sp ||||1| spa d | ||
| 100 | 1 |
_aGarmendia, Salvador. _955582 |
|
| 245 | 1 | 0 |
_aMemorias de Altagracia / _cSalvador Garmendia. |
| 250 | _a[1ª ed.]. | ||
| 260 |
_a[Barcelona : _bSeix Barral, _c1979] |
||
| 300 |
_a206 p. ; _c20 cm. |
||
| 490 | 1 | _aNueva narrativa hispánica | |
| 830 | 0 |
_aNueva narrativa hispánica _9180692 |
|
| 852 |
_aES-MaACL _jL-5393 _bR.105735 |
||
| 999 |
_c70720 _d70720 |
||